• 首页
  • 本馆介绍
  • 公告通知
  • 最新文献
  • 馆藏检索
  • 电子资源
  • 读者导购
  • 参考咨询
  • 我的图书馆
  • 登录
  • 详细信息显示
  • 放入我的书架
  • 预约/预借图书
  • 作者相关作品
  • 分类相关作品
  • 丛书相关作品
  • 出版社相关作品

书目信息

  • 表格格式
  • 工作单格式
  • 卡片格式
书名: Religion in contemporary society
作者: H. Paul Chalfant, Robert E. Beckley, C. Eddie Palmer.
分册号:
分册名:
出版地: Itasca, Ill. :
 
出版社: F.E. Peacock Publishers
出版时间: c1994.
页数: xviii, 502 p. ;
开本: 24 cm.
丛书名:
中图分类号:
科图分类号:
其他分类号: B92
主题词:
电子资源:
000 01152cam a2200349 a 450
001 E0760027303
005 20070512164649.00
008 940915s1994 ilu b 001 0 eng
010    @a93086173
020    @a0875813828.
035    @A(DLC) 93086173
040    @aDLC@cDLC@dDLC
043    @an-us---
050 00 @aBL2525@b.C43 1994
082 00 @a306.6@2 20
090    @aB92
099    @dB92@ex20
100 1  @aChalfant, H. Paul,@d1929-
245 10 @aReligion in contemporary society / @cH. Paul Chalfant, Robert E. Beckley, C. Eddie Palmer.
250    @a3rd ed.
260    @aItasca, Ill. :@bF.E. Peacock Publishers,@cc1994.
300    @axviii, 502 p. ;@c24 cm.
504    @aIncludes bibliographical references (p. 451-486) and index.
650  0 @aReligion and sociology.
651  0 @aUnited States@xReligion@y1960-
700 1  @aBeckley, Robert E.
700 1  @aPalmer, C. Eddie.
906    @a7@bcbc@corignew@d2@eopcn@f19@gy-gencatlg
920    @a** LC HAS REQ’D # OF SHELF COPIES **
922    @aad
955    @apb04 to cat. 09-15-94; sh13 09-22-94; sh38 09-27-94
991    @bc-GenColl@hBL2525@i.C43 1994@tCopy 1@wBOOKS
    
    Religion in contemporary society / / H. Paul Chalfant, Robert E. Beckley, C. Eddie Palmer.-3rd ed.-Itasca, Ill. : : F.E. Peacock Publishers, , c1994.
    xviii, 502 p. ; ; 24 cm.
    Includes bibliographical references (p. 451-486) and index.
    
    ISBN 0875813828.
    
●
相关链接 在E读中查询图书 在五车中查询图书 在当当中查询图书 在豆瓣中查询图书


正题名:Religion in contemporary society     索取号:B92/x20         预约/预借

序号 登录号 条形码 馆藏地/架位号 状态 备注
1 0008361   300083610   第二样本阅览室/ [索取号:B92/x20] 在馆    
2 0008362   300083629   第四借阅区/ [索取号:B92/x20] 在馆    
3 0008363   300083638   第四借阅区/ [索取号:B92/x20] 在馆    
4 0008364   300083647   第四借阅区/ [索取号:B92/x20] 在馆    
唐山师范学院图书馆 欢迎您!
大连网信软件有限公司© 版权所有